000 00691nam a22002297a 4500
005 20170124105941.0
010 _a823135
020 _c20.00
035 _a823135
037 _bCen Lib/Ret
040 _aDPL
_bEN
082 _a230.1
_2TEL
100 _aTelang, Kashinath Trimbang
_911314
245 _aWas the ramayana copied from homer ? :
_cby Kashinath Trimbak Telang
_brelpy to professor weber /
260 _a Delhi
_bPublishers parlour
_c1976
270 _b Delhi
_aA-1/139-B, Lawrence road
_e110035
300 _a70p.
_c19cm(Hb)
500 _aIncludes appendix
650 _aHinduism
_y
_911315
650 _aRamayana
_911316
942 _2ddc
_cEN
_h230.1
_mTEL
999 _c124593
_d124593